Statistics for Largest cities in autonomous regions

Click here to take the quiz!

General Stats

  • This quiz has been taken 28 times
  • The average score is 12 of 30

Answers on the Map

Answers color-coded by a green-red scale on the quiz's map according to % correct below.
Loading ...
 

Answer Stats

PopulationRegionCity% Correct
5,179,243CataloniaBarcelona
88%
15,594,428(---)Buenos Aires
84%
1,861,315ScotlandGlasgow
80%
7,500,700(---)Hong Kong
80%
6,115,116(---)Madrid
80%
901,455ScotlandEdinburgh
80%
34,540,000(---)Jakarta
68%
1,305,342AndalusiaSeville
68%
1,300,000SicilyPalermo
64%
1,645,342(---)Valencia
64%
889,231(---)Bangui
64%
3,029,372XinjiangUrumqi
64%
987,000BasqueBilbao
60%
2,571,668(---)Tashkent
56%
944,000AndalusiaMalaga
52%
1,107,712SicilyCatania
32%
1,500,000KurdistanErbil
28%
4,010,436(---)Yogyakarta
20%
3,839,800GuangxiNanning
20%
1,497,110Inner MongoliaHohhot
20%
1,200,000Woqooyi GalbeedHargeisa
12%
1,908,600Inner MongoliaBaotou
8%
1,383,400GuangxiBaise
4%
2,309,600GuangxiYulin
4%
1,436,599GuangxiLiuzhou
4%
1,000,000HirshabelleBeledweyne
4%
1,630,000GuangxiGuilin
4%
902,285Inner MongoliaChifeng
4%
2,570,000NingxiaYinchuan
4%
891,000GuangxiGuiping
4%

Score Distribution

Percentile by Number Answered

Percent of People with Each Score

Your Score History

You have not taken this quiz